[Event "Skakligaen 2005/06"]
[Site "Denmark"]
[Date "2006.02.05"]
[Round "6.1"]
[White "Hansen, Sune Berg"]
[Black "Pilgaard, Kim"]
[Result "1-0"]
[WhiteElo "2558"]
[BlackElo "2417"]
[PlyCount "145"]
[EventDate "2005.11.05"]
[EventType "team"]
[EventRounds "9"]
[EventCountry "DEN"]
[WhiteTeam "Helsingor"]
[BlackTeam "Bronshoj"]
[WhiteTeamCountry "DEN"]
[BlackTeamCountry "DEN"]

1. e4 e5 2. Nf3 Nc6 3. Bc4 Nf6 4. d3 Be7 5. Bb3 O-O 6. Nbd2 d6 7. c3 Na5 8. Bc2
c5 9. Nf1 Nc6 10. Ng3 d5 11. Qe2 Qc7 12. O-O Be6 13. h3 Rad8 14. Re1 d4 15. Ng5
Bc8 16. Nf5 h6 17. Nf3 Bxf5 18. exf5 Qd7 19. Nxe5 Nxe5 20. Qxe5 Bd6 21. Qe2
Rfe8 22. Qf1 Rxe1 23. Qxe1 Re8 24. Qf1 Qxf5 25. cxd4 cxd4 26. Bd2 Bf4 27. Bxf4
Qxf4 28. Ba4 Rc8 29. Qd1 Qg5 30. Bb3 g6 31. g3 Kg7 32. Kg2 h5 33. Qf3 Rc7 34.
Re1 a5 35. Qf4 Qxf4 36. gxf4 b6 37. Re5 Kf8 38. Bc4 Rc5 39. Kf3 Rc7 40. Rb5 Rc6
41. a3 Rd6 42. Re5 Nd7 43. Re1 f5 44. Kg3 Kg7 45. Re7+ Kh6 46. h4 Nf6 47. Kf3
Nd7 48. Ke2 a4 49. Kf3 Nc5 50. Bb5 Rd8 51. Rc7 Rd6 52. Bc4 Nd7 53. Ke2 Nc5 54.
Kd2 Nd7 55. b4 axb3 56. Bxb3 Nc5 57. Bc4 Rd7 58. Rc6 Ra7 59. Rxb6 Rxa3 60. Rd6
Ra4 61. Rc6 Nd7 62. Ke2 Ra1 63. Be6 Nf8 64. Bxf5 Rh1 65. Bxg6 Rxh4 66. Bf5+ Kg7
67. Kf3 Rh1 68. Rd6 h4 69. Kg2 Rd1 70. Be4 Kf7 71. f5 Nh7 72. Bd5+ Kg7 73. Rg6+
1-0

[Event "Skakligaen 2005/06"]
[Site "Denmark"]
[Date "2006.02.05"]
[Round "6.2"]
[White "Hoi, Carsten"]
[Black "Mortensen, Erling"]
[Result "1/2-1/2"]
[WhiteElo "2382"]
[BlackElo "2474"]
[PlyCount "95"]
[EventDate "2005.11.05"]
[EventType "team"]
[EventRounds "9"]
[EventCountry "DEN"]
[WhiteTeam "Bronshoj"]
[BlackTeam "Helsingor"]
[WhiteTeamCountry "DEN"]
[BlackTeamCountry "DEN"]

1. d4 Nf6 2. Nf3 g6 3. c4 Bg7 4. Nc3 O-O 5. e4 d6 6. h3 e5 7. d5 Na6 8. Bg5 Qe8
9. g4 Nd7 10. Rg1 Kh8 11. Nd2 f5 12. gxf5 gxf5 13. exf5 Nf6 14. Qf3 e4 15. Qe3
Bxf5 16. O-O-O c6 17. Bh6 Bxh6 18. Qxh6 Qf7 19. dxc6 bxc6 20. Nb3 Rad8 21. Be2
Bg6 22. Qe3 Nb4 23. c5 dxc5 24. Qxc5 Nfd5 25. Nxd5 Nxd5 26. Qd4+ Qg7 27. Bc4
Rde8 28. Rd2 Nf4 29. Qxg7+ Kxg7 30. h4 Kh6 31. Rg3 Nd3+ 32. Bxd3 exd3 33. Rg1
Re2 34. Rf1 Rf4 35. Na5 Ra4 36. Nb3 Rxa2 37. Rxe2 dxe2 38. Re1 Ra4 39. Rxe2
Rxh4 40. Na5 Ra4 41. Re5 Rf4 42. Rc5 Rxf2 43. Nxc6 a6 44. Nb4 Rf1+ 45. Kd2 Ra1
46. Nd5 Rb1 47. b4 Be8 48. Nc7 1/2-1/2

[Event "Skakligaen 2005/06"]
[Site "Denmark"]
[Date "2006.02.05"]
[Round "6.3"]
[White "Holmsgaard, Henrik"]
[Black "Bromann, Thorbjorn"]
[Result "1/2-1/2"]
[WhiteElo "2344"]
[BlackElo "2349"]
[PlyCount "62"]
[EventDate "2005.11.05"]
[EventType "team"]
[EventRounds "9"]
[EventCountry "DEN"]
[WhiteTeam "Helsingor"]
[BlackTeam "Bronshoj"]
[WhiteTeamCountry "DEN"]
[BlackTeamCountry "DEN"]

1. e4 g6 2. d4 Bg7 3. Nf3 d6 4. Bc4 Nc6 5. Ng5 Nh6 6. d5 Ne5 7. Be2 c6 8. f4
Nd7 9. c4 Qb6 10. Nc3 Nc5 11. Qc2 f5 12. Be3 fxe4 13. Ngxe4 Nf5 14. Bf2 Nd4 15.
Qd2 Nxe4 16. Nxe4 Qb4 17. Bd3 Qxd2+ 18. Nxd2 O-O 19. g3 cxd5 20. cxd5 Bh3 21.
O-O-O Bg2 22. Rhe1 Bxd5 23. Kb1 Rac8 24. Rxe7 Nc6 25. Rxb7 g5 26. Bc4 Bxc4 27.
Nxc4 Nd8 28. Rb4 Nc6 29. Rb7 Nd8 30. Rb4 Nc6 31. Rb7 Nd8 1/2-1/2

[Event "Skakligaen 2005/06"]
[Site "Denmark"]
[Date "2006.02.05"]
[Round "6.4"]
[White "Brinck Claussen, Bjorn"]
[Black "Larsen, Ole Bogh"]
[Result "0-1"]
[WhiteElo "2306"]
[BlackElo "2202"]
[PlyCount "78"]
[EventDate "2005.11.05"]
[EventType "team"]
[EventRounds "9"]
[EventCountry "DEN"]
[WhiteTeam "Bronshoj"]
[BlackTeam "Helsingor"]
[WhiteTeamCountry "DEN"]
[BlackTeamCountry "DEN"]

1. e4 c5 2. Nf3 Nc6 3. d4 cxd4 4. Nxd4 Nf6 5. Nc3 d6 6. Bg5 e6 7. Qd2 Be7 8.
O-O-O O-O 9. f4 e5 10. Nf5 Bxf5 11. exf5 Qa5 12. Kb1 Rfe8 13. Bc4 Rad8 14. Qe1
exf4 15. Qh4 d5 16. Bb3 d4 17. Ne2 Qxf5 18. Rhf1 h6 19. Bxf4 Ne4 20. Qe1 Bb4
21. Bxh6 Bxe1 22. Rxf5 Nd6 23. Rf1 Rxe2 24. Bg5 Rde8 25. Bf4 Ne4 26. Bc4 d3 27.
Bxd3 Nd2+ 28. Bxd2 Bxd2 29. Bxe2 Rxe2 30. Rf3 Ne5 31. Rb3 b6 32. Rb5 f6 33. Rd5
Be3 34. a4 a5 35. h3 Rxg2 36. c3 Nc4 37. Rb5 Bc5 38. Rd5 Rh2 39. Rh5 g5 0-1

[Event "Skakligaen 2005/06"]
[Site "Denmark"]
[Date "2006.02.05"]
[Round "6.5"]
[White "Jorgensen, Michael"]
[Black "Carstensen, Jacob"]
[Result "0-1"]
[WhiteElo "2185"]
[BlackElo "2303"]
[PlyCount "82"]
[EventDate "2005.11.05"]
[EventType "team"]
[EventRounds "9"]
[EventCountry "DEN"]
[WhiteTeam "Helsingor"]
[BlackTeam "Bronshoj"]
[WhiteTeamCountry "DEN"]
[BlackTeamCountry "DEN"]

1. d4 d5 2. c4 dxc4 3. Nf3 Nf6 4. e3 Bg4 5. Bxc4 e6 6. h3 Bh5 7. O-O Bd6 8. Nc3
Nc6 9. Bb5 O-O 10. Bxc6 bxc6 11. e4 Bb4 12. e5 Nd7 13. g4 Bg6 14. Qe2 Be7 15.
Bf4 Nb6 16. Rad1 Nd5 17. Bc1 Qb8 18. Ne1 Re8 19. Ng2 Qb4 20. f4 f5 21. Nxd5
cxd5 22. g5 c5 23. dxc5 Bxc5+ 24. Kh2 Rec8 25. Ne1 Bb6 26. Nd3 Qe4 27. Qd2 Be8
28. Rde1 Qc4 29. b3 Qc3 30. Rd1 Bb5 31. Rf3 Qxd2+ 32. Bxd2 Rc2 33. a4 Be8 34.
Nb4 Rb2 35. Rd3 a5 36. Nxd5 exd5 37. e6 d4 38. Kg3 Bc6 39. Bc1 Rg2+ 40. Kh4 Re8
41. Rxd4 Bxd4 0-1

[Event "Skakligaen 2005/06"]
[Site "Denmark"]
[Date "2006.02.05"]
[Round "6.6"]
[White "Palm, Nikolaj"]
[Black "de Blecourt Dalsberg, Sandra"]
[Result "1-0"]
[WhiteElo "2231"]
[BlackElo "2059"]
[PlyCount "65"]
[EventDate "2005.11.05"]
[EventType "team"]
[EventRounds "9"]
[EventCountry "DEN"]
[WhiteTeam "Bronshoj"]
[BlackTeam "Helsingor"]
[WhiteTeamCountry "DEN"]
[BlackTeamCountry "DEN"]

1. d4 d5 2. Nf3 Nf6 3. c4 c6 4. cxd5 cxd5 5. Nc3 Nc6 6. Bf4 a6 7. Rc1 Bf5 8. e3
Rc8 9. Be2 Qb6 10. O-O e6 11. Na4 Qa7 12. Qb3 Nd7 13. Ne5 Ndxe5 14. Bxe5 Rd8
15. Bc7 Rd7 16. Bg3 f6 17. Nb6 Rf7 18. h3 Be7 19. Nc8 Qa8 20. Nxe7 Rxe7 21. Qb6
Qa7 22. Qxa7 Nxa7 23. Rc5 Kf7 24. Rfc1 Nc6 25. a3 Rd8 26. b4 Rdd7 27. b5 Na5
28. bxa6 Nb3 29. a7 Nxc1 30. Rxc1 Rd8 31. Bb8 Ree8 32. a8=Q Rxb8 33. Qa7 1-0

[Event "Skakligaen 2005/06"]
[Site "Denmark"]
[Date "2006.02.05"]
[Round "6.7"]
[White "Jensen, Ib"]
[Black "Ligaard, Morten Lund"]
[Result "0-1"]
[WhiteElo "2004"]
[BlackElo "2196"]
[PlyCount "104"]
[EventDate "2005.11.05"]
[EventType "team"]
[EventRounds "9"]
[EventCountry "DEN"]
[WhiteTeam "Helsingor"]
[BlackTeam "Bronshoj"]
[WhiteTeamCountry "DEN"]
[BlackTeamCountry "DEN"]

1. d4 d5 2. Nf3 c6 3. e3 Bf5 4. c4 e6 5. Nc3 Nd7 6. Bd2 h6 7. Be2 Ngf6 8. O-O
Bd6 9. Qb3 Rb8 10. cxd5 exd5 11. Rac1 O-O 12. Na4 Qe7 13. a3 Ne4 14. Bb4 Bg4
15. Bxd6 Qxd6 16. Qd3 f5 17. b4 f4 18. Nc3 Rbe8 19. Ne1 fxe3 20. fxe3 Rxf1+ 21.
Bxf1 Ndf6 22. Ne2 Nh5 23. Nc3 Qf6 24. Nxe4 dxe4 25. Qd2 Rf8 26. Nc2 Be6 27. b5
cxb5 28. Bxb5 Qg5 29. Be2 Nf6 30. Nb4 b6 31. Rf1 a5 32. Nc2 Qd5 33. Rb1 Rc8 34.
Ne1 Qd6 35. a4 Nd5 36. Rc1 Rxc1 37. Qxc1 Qb4 38. Bb5 Nc3 39. Kf2 Nxb5 40. axb5
Qxb5 41. g3 Qc4 42. Qb1 Qa2+ 43. Qxa2 Bxa2 44. Ke2 Kf7 45. Kd2 b5 46. Ng2 b4
47. Nf4 Bc4 48. Nh3 Ke6 49. Nf2 Kd5 50. Kc2 a4 51. Kb2 a3+ 52. Kc1 b3 0-1

[Event "Skakligaen 2005/06"]
[Site "Denmark"]
[Date "2006.02.05"]
[Round "6.1"]
[White "Hector, Jonny"]
[Black "Nielsen, Peter Heine"]
[Result "0-1"]
[WhiteElo "2509"]
[BlackElo "2653"]
[PlyCount "78"]
[EventDate "2005.11.05"]
[EventType "team"]
[EventRounds "9"]
[EventCountry "DEN"]
[WhiteTeam "Nordkalotten"]
[BlackTeam "Helsinge"]
[WhiteTeamCountry "DEN"]
[BlackTeamCountry "DEN"]

1. e4 e5 2. Nc3 Nf6 3. Nf3 Nc6 4. d4 exd4 5. Nxd4 Bb4 6. Nxc6 bxc6 7. Bd3 d5 8.
exd5 cxd5 9. O-O O-O 10. Bg5 c6 11. Na4 Bd6 12. c4 Re8 13. cxd5 cxd5 14. Bb5
Re5 15. Bf4 Rf5 16. Bxd6 Qxd6 17. Rc1 d4 18. Rc6 Qd8 19. Bd3 Bb7 20. Rc5 Rxc5
21. Nxc5 Bc6 22. Qc2 Qd5 23. f3 Qxa2 24. Bc4 Qa5 25. Rd1 Rd8 26. Nb3 Qb6 27.
Qf2 Bd5 28. Bxd5 Nxd5 29. Nc1 Ne3 30. Rd3 Rc8 31. Ne2 Qxb2 32. Qe1 Rc2 33. Rxd4
h6 34. Rd8+ Kh7 35. Kf2 Ng4+ 36. fxg4 Qf6+ 37. Kg3 Qxd8 38. Ng1 Qc7+ 39. Kh3
Qc3+ 0-1

[Event "Skakligaen 2005/06"]
[Site "Denmark"]
[Date "2006.02.05"]
[Round "6.2"]
[White "Schandorff, Lars"]
[Black "Brynell, Stellan"]
[Result "1/2-1/2"]
[WhiteElo "2530"]
[BlackElo "2496"]
[PlyCount "71"]
[EventDate "2005.11.05"]
[EventType "team"]
[EventRounds "9"]
[EventCountry "DEN"]
[WhiteTeam "Helsinge"]
[BlackTeam "Nordkalotten"]
[WhiteTeamCountry "DEN"]
[BlackTeamCountry "DEN"]

1. d4 e6 2. c4 Nf6 3. Nf3 b6 4. g3 Ba6 5. b3 Bb7 6. Bg2 Bb4+ 7. Bd2 a5 8. O-O
O-O 9. Nc3 d6 10. Qc2 Nbd7 11. Rfe1 Bxc3 12. Bxc3 Be4 13. Qc1 h6 14. Bf1 c5 15.
Nd2 Bc6 16. e4 cxd4 17. Bxd4 e5 18. Bc3 Nc5 19. Qc2 Qb8 20. a4 Qb7 21. f3 Nh7
22. Bg2 Rad8 23. Re2 Qc8 24. f4 f5 25. Bh3 Bd7 26. exf5 Bxf5 27. Bxf5 Qxf5 28.
Qxf5 Rxf5 29. fxe5 dxe5 30. b4 axb4 31. Bxb4 Nd3 32. Bc3 Ng5 33. Rf1 Rxf1+ 34.
Kxf1 Nc1 35. Re3 Na2 36. Ke2 1/2-1/2

[Event "Skakligaen 2005/06"]
[Site "Denmark"]
[Date "2006.02.05"]
[Round "6.3"]
[White "Kristensen, Kaare Hove"]
[Black "Berg, Emanuel"]
[Result "0-1"]
[WhiteElo "2314"]
[BlackElo "2540"]
[PlyCount "62"]
[EventDate "2005.11.05"]
[EventType "team"]
[EventRounds "9"]
[EventCountry "DEN"]
[WhiteTeam "Nordkalotten"]
[BlackTeam "Helsinge"]
[WhiteTeamCountry "DEN"]
[BlackTeamCountry "DEN"]

1. e4 e6 2. d4 d5 3. Nc3 Bb4 4. e5 c5 5. Bd2 Nh6 6. a3 Bxc3 7. Bxc3 b6 8. Bb5+
Kf8 9. f4 Kg8 10. Nf3 c4 11. Qe2 a6 12. Bxc4 dxc4 13. Qxc4 a5 14. O-O-O Ba6 15.
Qa4 Bb7 16. d5 Bxd5 17. Rxd5 exd5 18. Rd1 Ra7 19. Rxd5 Rd7 20. Rxd7 Qxd7 21.
Qe4 Kf8 22. Nd4 Ke7 23. f5 Rc8 24. f6+ gxf6 25. exf6+ Kd8 26. Qxh7 Ng4 27. Nf5
Rc5 28. Qg8+ Kc7 29. Ne7 Qe6 30. Bd2 Kb7 31. b4 Qa2 0-1

[Event "Skakligaen 2005/06"]
[Site "Denmark"]
[Date "2006.02.05"]
[Round "6.4"]
[White "Hutters, Tomas"]
[Black "Nielsen, Lars Aaes"]
[Result "1/2-1/2"]
[WhiteElo "2440"]
[BlackElo "2182"]
[PlyCount "92"]
[EventDate "2005.11.05"]
[EventType "team"]
[EventRounds "9"]
[EventCountry "DEN"]
[WhiteTeam "Helsinge"]
[BlackTeam "Nordkalotten"]
[WhiteTeamCountry "DEN"]
[BlackTeamCountry "DEN"]

1. d4 Nf6 2. c4 c5 3. d5 Ne4 4. Qd3 Qa5+ 5. Nc3 Nxc3 6. Bd2 b5 7. Bxc3 b4 8.
Bd2 g6 9. e4 Bg7 10. Qc2 d6 11. Bd3 Nd7 12. f4 Qb6 13. Nf3 a5 14. Rb1 Bd4 15.
g4 e5 16. f5 h5 17. g5 a4 18. Qd1 b3 19. a3 Ba6 20. Nh4 Rg8 21. Kf1 O-O-O 22.
Kg2 Rdf8 23. Rf1 Qd8 24. Kh1 Nb6 25. Qe2 Kb8 26. Nf3 Nd7 27. h4 Ka7 28. Nxd4
exd4 29. Bf4 Ne5 30. Bxe5 dxe5 31. Rf2 f6 32. Rbf1 fxg5 33. fxg6 Rf4 34. hxg5
Rh4+ 35. Rh2 Qxg5 36. Rxh4 Qxh4+ 37. Qh2 Qg5 38. Rg1 Qe3 39. Qg3 Bc8 40. Qxe3
dxe3 41. Rg5 Bg4 42. Kg1 Bf3 43. Kf1 h4 44. Rf5 Bg4 45. Rg5 Bf3 46. Rf5 Bg4
1/2-1/2

[Event "Skakligaen 2005/06"]
[Site "Denmark"]
[Date "2006.02.05"]
[Round "6.5"]
[White "Jakobsen, Peter"]
[Black "Pedersen, Steffen"]
[Result "1/2-1/2"]
[WhiteElo "2162"]
[BlackElo "2463"]
[PlyCount "26"]
[EventDate "2005.11.05"]
[EventType "team"]
[EventRounds "9"]
[EventCountry "DEN"]
[WhiteTeam "Nordkalotten"]
[BlackTeam "Helsinge"]
[WhiteTeamCountry "DEN"]
[BlackTeamCountry "DEN"]

1. c4 c6 2. g3 d5 3. Bg2 Nf6 4. Nf3 dxc4 5. Qc2 Qd5 6. Nc3 Qh5 7. Ne4 Nxe4 8.
Qxe4 Be6 9. Qf4 Qd5 10. b3 Qd6 11. Qh4 cxb3 12. axb3 Bc8 13. Bb2 Nd7 1/2-1/2

[Event "Skakligaen 2005/06"]
[Site "Denmark"]
[Date "2006.02.05"]
[Round "6.6"]
[White "Berg, Klaus"]
[Black "Koch, Soren Andreas"]
[Result "1-0"]
[WhiteElo "2404"]
[BlackElo "2106"]
[PlyCount "49"]
[EventDate "2005.11.05"]
[EventType "team"]
[EventRounds "9"]
[EventCountry "DEN"]
[WhiteTeam "Helsinge"]
[BlackTeam "Nordkalotten"]
[WhiteTeamCountry "DEN"]
[BlackTeamCountry "DEN"]

1. d4 Nf6 2. Bg5 Ne4 3. Bf4 d5 4. e3 c6 5. Bd3 Bf5 6. f3 Nd6 7. Bxd6 Bxd3 8.
Bxb8 Bxc2 9. Qxc2 Qxb8 10. Ne2 e5 11. Nbc3 Be7 12. O-O O-O 13. Rad1 f5 14. e4
fxe4 15. fxe4 Rxf1+ 16. Rxf1 exd4 17. Nxd4 Qe5 18. Nf3 Qh5 19. exd5 cxd5 20.
Qb3 Rd8 21. Rd1 Qf7 22. Rxd5 a6 23. Ne5 Rxd5 24. Nxf7 Bc5+ 25. Kh1 1-0

[Event "Skakligaen 2005/06"]
[Site "Denmark"]
[Date "2006.02.05"]
[Round "6.7"]
[White "Lilja, Richard"]
[Black "Bekker Jensen, Simon"]
[Result "0-1"]
[WhiteElo "2014"]
[BlackElo "2410"]
[PlyCount "74"]
[EventDate "2005.11.05"]
[EventType "team"]
[EventRounds "9"]
[EventCountry "DEN"]
[WhiteTeam "Nordkalotten"]
[BlackTeam "Helsinge"]
[WhiteTeamCountry "DEN"]
[BlackTeamCountry "DEN"]

1. e4 c5 2. Nc3 Nc6 3. Bb5 g6 4. Bxc6 dxc6 5. d3 Bg7 6. Be3 b6 7. Qd2 e5 8. b3
Be6 9. h4 h5 10. Nh3 Nh6 11. Ng5 Bd7 12. f3 Qe7 13. a4 a5 14. Nd1 f5 15. Nb2 f4
16. Bf2 O-O 17. Nc4 Rfb8 18. Qc3 Bf6 19. Nxb6 Rxb6 20. Qc4+ Kg7 21. Bxc5 Qd8
22. Bxb6 Qxb6 23. O-O-O Re8 24. Qc3 Nf7 25. Nxf7 Kxf7 26. Rdg1 Bxh4 27. g4 Bf2
28. Rf1 h4 29. g5 h3 30. Kb1 Bd4 31. Qd2 Be6 32. Rh2 Rb8 33. Rxh3 Bxh3 34. Rh1
Rh8 35. Ka2 Qb4 36. Qc1 Kg7 37. Rh2 Qc3 0-1

[Event "Skakligaen 2005/06"]
[Site "Denmark"]
[Date "2006.02.05"]
[Round "6.8"]
[White "Bekker Jensen, Anne"]
[Black "Noer, Martin Stampe"]
[Result "1/2-1/2"]
[WhiteElo "1995"]
[BlackElo "1746"]
[PlyCount "32"]
[EventDate "2005.11.05"]
[EventType "team"]
[EventRounds "9"]
[EventCountry "DEN"]
[WhiteTeam "Helsinge"]
[BlackTeam "Nordkalotten"]
[WhiteTeamCountry "DEN"]
[BlackTeamCountry "DEN"]

1. d4 d5 2. c4 c6 3. Nc3 Nf6 4. e3 e6 5. Nf3 Nbd7 6. Qc2 Bd6 7. b3 O-O 8. Be2
Re8 9. Bb2 b6 10. cxd5 exd5 11. O-O Bb7 12. Bd3 Rc8 13. Rac1 Qe7 14. Qe2 c5 15.
Nb5 Bb8 16. a4 Ne4 1/2-1/2

[Event "Skakligaen 2005/06"]
[Site "Denmark"]
[Date "2006.02.05"]
[Round "6.1"]
[White "Pedersen, Nicolai Vesterbaek"]
[Black "Matthiesen, Martin"]
[Result "1-0"]
[WhiteElo "2521"]
[BlackElo "2361"]
[PlyCount "87"]
[EventDate "2005.11.05"]
[EventType "team"]
[EventRounds "9"]
[EventCountry "DEN"]
[WhiteTeam "Aalborg"]
[BlackTeam "SK1968"]
[WhiteTeamCountry "DEN"]
[BlackTeamCountry "DEN"]

1. d4 d5 2. c4 e5 3. dxe5 d4 4. a3 Nc6 5. e3 Be6 6. Nf3 dxe3 7. Qxd8+ Rxd8 8.
Bxe3 Nge7 9. Nc3 Ng6 10. Nb5 Rd7 11. Nbd4 Ngxe5 12. Nxe5 Nxe5 13. Nxe6 fxe6 14.
h3 Nd3+ 15. Bxd3 Rxd3 16. Rd1 Rxd1+ 17. Kxd1 Kd7 18. Kc2 Bd6 19. Rd1 Kc6 20. b4
a6 21. Rd4 Re8 22. Rh4 Rh8 23. Bd4 e5 24. Bc3 h5 25. Re4 Rf8 26. f3 b6 27. Bxe5
g6 28. Bd4 Kd7 29. Kd3 c5 30. bxc5 bxc5 31. Bc3 Rb8 32. Re1 Rb3 33. Kc2 Rb8 34.
Rd1 Re8 35. Rd5 Kc6 36. Kd3 Re6 37. Bd2 Rf6 38. Be3 Rf7 39. Rg5 Rf6 40. Rd5 Rf7
41. Rg5 Rf6 42. f4 Bxf4 43. Rxc5+ Kd6 44. Ra5 1-0

[Event "Skakligaen 2005/06"]
[Site "Denmark"]
[Date "2006.02.05"]
[Round "6.2"]
[White "Holst, Allan"]
[Black "Pedersen, Erik"]
[Result "0-1"]
[WhiteElo "2358"]
[BlackElo "2408"]
[PlyCount "148"]
[EventDate "2005.11.05"]
[EventType "team"]
[EventRounds "9"]
[EventCountry "DEN"]
[WhiteTeam "SK1968"]
[BlackTeam "Aalborg"]
[WhiteTeamCountry "DEN"]
[BlackTeamCountry "DEN"]

1. c4 Nf6 2. Nc3 c5 3. Nf3 d5 4. cxd5 Nxd5 5. g3 Nc6 6. Bg2 Nc7 7. d3 e5 8. O-O
Be7 9. Bd2 O-O 10. a3 f6 11. Rb1 Be6 12. Qa4 Rb8 13. Rfc1 b5 14. Qd1 Qd7 15.
Ne4 Na6 16. a4 b4 17. Be3 Nd4 18. b3 Bg4 19. Rb2 Rbc8 20. Ned2 Nc7 21. Bxd4
exd4 22. Nc4 Nd5 23. Qf1 Nc3 24. Kh1 Rfe8 25. Re1 Bf8 26. Ng1 Be6 27. Bf3 Kh8
28. Rd2 g6 29. Ra1 Bh6 30. Rb2 Re7 31. Qg2 Qc7 32. Rc2 Rd8 33. Rb2 Bxc4 34.
bxc4 a5 35. Bc6 Rd6 36. Bb5 Rde6 37. Qf3 Kg7 38. Kg2 Qb7 39. Qxb7 Rxb7 40. Kf1
Rbe7 41. Re1 f5 42. h4 Kf6 43. f4 Re3 44. Kf2 Bg7 45. Ra1 h6 46. Bc6 R7e6 47.
Bf3 Rb6 48. Rb3 Ke7 49. Nh3 Bf6 50. Ng1 Rb8 51. Nh3 Rh8 52. Rb2 Kd6 53. Kg2 Kc7
54. Nf2 Rhe8 55. Kf1 R3e7 56. Nh3 Kb6 57. Kf2 Rg7 58. Kf1 Reg8 59. Nf2 g5 60.
fxg5 hxg5 61. h5 g4 62. Bg2 Be5 63. Nd1 Bxg3 64. e3 Nxd1 65. Rxd1 dxe3 66. Re2
f4 67. d4 f3 68. Rxe3 fxg2+ 69. Kxg2 Bd6 70. Re6 Kc7 71. h6 Re7 72. Rf6 cxd4
73. Rxd4 Be5 74. h7 Rxh7 0-1

[Event "Skakligaen 2005/06"]
[Site "Denmark"]
[Date "2006.02.05"]
[Round "6.3"]
[White "Jakobsen, Lars Veno"]
[Black "Matthiesen, Arne"]
[Result "1/2-1/2"]
[WhiteElo "2337"]
[BlackElo "2368"]
[PlyCount "35"]
[EventDate "2005.11.05"]
[EventType "team"]
[EventRounds "9"]
[EventCountry "DEN"]
[WhiteTeam "Aalborg"]
[BlackTeam "SK1968"]
[WhiteTeamCountry "DEN"]
[BlackTeamCountry "DEN"]

1. d4 d5 2. c4 c6 3. Nf3 Nf6 4. Nc3 e6 5. e3 Nbd7 6. Qc2 b6 7. b3 Bb7 8. Be2
Bd6 9. O-O O-O 10. Bb2 Qe7 11. e4 Nxe4 12. Nxe4 dxe4 13. Qxe4 Nf6 14. Qh4 Ba3
15. Bc3 Bb4 16. Bb2 Ba3 17. Bc3 Bb4 18. Bb2 1/2-1/2

[Event "Skakligaen 2005/06"]
[Site "Denmark"]
[Date "2006.02.05"]
[Round "6.4"]
[White "Sobjerg, Erik"]
[Black "Meyer, Lars August"]
[Result "1/2-1/2"]
[WhiteElo "2288"]
[BlackElo "2259"]
[PlyCount "76"]
[EventDate "2005.11.05"]
[EventType "team"]
[EventRounds "9"]
[EventCountry "DEN"]
[WhiteTeam "SK1968"]
[BlackTeam "Aalborg"]
[WhiteTeamCountry "DEN"]
[BlackTeamCountry "DEN"]

1. e4 e5 2. Nf3 Nc6 3. Bb5 Nf6 4. d3 Bc5 5. O-O d6 6. c3 a6 7. Bxc6+ bxc6 8. d4
exd4 9. cxd4 Bb6 10. Qc2 O-O 11. e5 dxe5 12. dxe5 Nd5 13. Qxc6 Be6 14. Bg5 Ne7
15. Qa4 f6 16. exf6 gxf6 17. Bh6 Rf7 18. Nc3 Qd3 19. Rfe1 Qd7 20. Qe4 Bd5 21.
Nxd5 Qxd5 22. Rad1 Qxe4 23. Rxe4 Ng6 24. h4 Re7 25. Rxe7 Nxe7 26. Rd7 Kf7 27.
Bd2 Ke6 28. Rd3 Nd5 29. Kf1 a5 30. Nd4+ Bxd4 31. Rxd4 Rb8 32. b3 Nb4 33. Bxb4
axb4 34. Ke2 c5 35. Re4+ Kd5 36. Kf3 Ra8 37. Re2 Rg8 38. g3 h5 1/2-1/2

[Event "Skakligaen 2005/06"]
[Site "Denmark"]
[Date "2006.02.05"]
[Round "6.5"]
[White "Hellegaard, Carsten"]
[Black "Bank, Pelle Rodkjaer"]
[Result "1/2-1/2"]
[WhiteElo "2250"]
[BlackElo "2286"]
[PlyCount "82"]
[EventDate "2005.11.05"]
[EventType "team"]
[EventRounds "9"]
[EventCountry "DEN"]
[WhiteTeam "Aalborg"]
[BlackTeam "SK1968"]
[WhiteTeamCountry "DEN"]
[BlackTeamCountry "DEN"]

1. d4 Nf6 2. c4 c5 3. d5 b5 4. cxb5 a6 5. bxa6 g6 6. Nc3 Bxa6 7. Nf3 Bg7 8. g3
d6 9. Bg2 O-O 10. O-O Nbd7 11. Rb1 Qa5 12. Bd2 Ne8 13. Qc2 Nc7 14. a4 Qb6 15.
Nh4 Rab8 16. b3 e6 17. Rfd1 exd5 18. Bxd5 Bxe2 19. Bxf7+ Rxf7 20. Nxe2 c4 21.
Be3 cxb3 22. Qc4 Qb7 23. Nd4 Nc5 24. Nxb3 Nxb3 25. Rxd6 Qb4 26. Qxb4 Rxb4 27.
Rd3 Rxa4 28. Rbxb3 Ra8 29. Kg2 Raf8 30. Bc5 Re8 31. Re3 Rxe3 32. Rxe3 Bf6 33.
Nf3 Kg7 34. h4 Rd7 35. Rb3 Ne6 36. Be3 Rc7 37. Rb6 Kf7 38. Ra6 Rb7 39. Nh2 Rc7
40. Ng4 Bg7 41. Ra8 Rb7 1/2-1/2

[Event "Skakligaen 2005/06"]
[Site "Denmark"]
[Date "2006.02.05"]
[Round "6.6"]
[White "Lindfeldt, Jan Magnus"]
[Black "Nielsen, Steffen Slumstrup"]
[Result "1/2-1/2"]
[WhiteElo "2231"]
[BlackElo "2222"]
[PlyCount "57"]
[EventDate "2005.11.05"]
[EventType "team"]
[EventRounds "9"]
[EventCountry "DEN"]
[WhiteTeam "SK1968"]
[BlackTeam "Aalborg"]
[WhiteTeamCountry "DEN"]
[BlackTeamCountry "DEN"]

1. e4 e5 2. Nf3 Nc6 3. Bb5 a6 4. Ba4 Nf6 5. O-O Be7 6. Re1 b5 7. Bb3 Bb7 8. d4
Nxd4 9. Bxf7+ Kf8 10. Bd5 c6 11. Nxe5 cxd5 12. Qxd4 dxe4 13. Qd1 d6 14. Ng4 Kf7
15. Nc3 Re8 16. Be3 Rc8 17. a3 Rc4 18. Nxf6 Bxf6 19. Qh5+ Kg8 20. Rad1 Re5 21.
Qe2 Rf5 22. Rd2 Be5 23. h3 Rf8 24. Red1 Qe8 25. Bd4 Bf4 26. Be3 Be5 27. Bd4 Bf4
28. Be3 Be5 29. Bd4 1/2-1/2

[Event "Skakligaen 2005/06"]
[Site "Denmark"]
[Date "2006.02.05"]
[Round "6.7"]
[White "Hjorth, Torben"]
[Black "Hansen, Bjarne"]
[Result "1-0"]
[WhiteElo "2201"]
[BlackElo "2253"]
[PlyCount "58"]
[EventDate "2005.11.05"]
[EventType "team"]
[EventRounds "9"]
[EventCountry "DEN"]
[WhiteTeam "Aalborg"]
[BlackTeam "SK1968"]
[WhiteTeamCountry "DEN"]
[BlackTeamCountry "DEN"]

1. e4 Nf6 2. e5 Nd5 3. d4 d6 4. Bc4 Nb6 5. Bb3 dxe5 6. Qf3 e6 7. dxe5 Nc6 8.
Qg3 Nd4 9. Nc3 c5 10. Be3 Nf5 11. Qf4 Bd7 12. Nf3 Be7 13. O-O-O Qc8 14. a3 Nxe3
15. Qxe3 Bc6 16. Ng5 c4 17. Ba2 Bxg2 18. Rhg1 Nd5 19. Nxd5 Bxd5 20. Ne4 Qc6 21.
Nd6+ Bxd6 22. exd6 g6 23. h4 O-O-O 24. Qxa7 Qxd6 25. Rd4 Qc6 26. Rgg4 c3 27.
Rc4 cxb2+ 28. Kxb2 Kc7 29. Rxc6+ Bxc6 1-0

[Event "Skakligaen 2005/06"]
[Site "Denmark"]
[Date "2006.02.05"]
[Round "6.8"]
[White "Alkaersig, Ole"]
[Black "Nielsen, Jorgen G"]
[Result "0-1"]
[WhiteElo "2181"]
[BlackElo "2149"]
[PlyCount "28"]
[EventDate "2005.11.05"]
[EventType "team"]
[EventRounds "9"]
[EventCountry "DEN"]
[WhiteTeam "SK1968"]
[BlackTeam "Aalborg"]
[WhiteTeamCountry "DEN"]
[BlackTeamCountry "DEN"]

1. e4 e5 2. Nf3 Nc6 3. Bb5 Nf6 4. d4 Nxd4 5. Nxd4 exd4 6. e5 Ne4 7. Qxd4 Nc5 8.
O-O c6 9. Bc4 Ne6 10. Qg4 h5 11. Qf3 d5 12. exd6 Bxd6 13. Nc3 Qh4 14. Rd1 Bxh2+
0-1